Quick Pick: 007 James Bond Aliases Quiz Stats

 Plays Quiz not verified by Sporcle

Score 0/17 Timer 01:30
3 Plays Today
% Correct
James St. John Smythe
78.5%
David Somerset
74.9%
Peter Franks
69.6%
Sir Hilary Bray
69.2%
Bert Saxby
64.8%
James Stock
64.6%
Mr. Fisher
61.3%
Robert Stirling
61.1%
Dr. Mikhail Arkov
58.2%
% Correct
Francisco Scaramanga
57.8%
Mr. Jones
56.3%
Klaus Hergescheimer
55.1%
Charles Morton
53.8%
Arlington Beech
51.6%
Col. Luis Toro
49.5%
Van Bierk
37.3%
Jerzy Bondov
35.4%

You're not logged in!

Compare scores with friends on all Sporcle quizzes.
OR
Log In

Sporcle TV

Today on Sporcle TV


Watch our educational content, quiz creation guides, and fun videos on Sporcle TV.

Show Comments

Extras

Top Quizzes Today


Score Distribution

Your Account Isn't Verified!

In order to create a playlist on Sporcle, you need to verify the email address you used during registration. Go to your Sporcle Settings to finish the process.

Report this User

Report this user for behavior that violates our Community Guidelines.

Details: